000 01084cam a2200253 4500
001 ABS64685
008 011029n2001 000 0 eng u
035 _a(Sirsi) u115373
100 _aLawson, D
245 _aE-community
260 _c2001
490 _aProperty Week
_v66(41) 12 October 2001, 100-101(2)
520 _aConsiders how portals or computerised information centres can strengthen the relationship between landlord and tenants, create a sense of community within tenants, and provide value added services. Looks at Jones Lang LaSalle's portal, Pyramid Office, British Land's central web-based system Vicinitee and the internet-based services of Arlington. Concludes that portals will evolve to become more user friendly and include more features.
590 _aABS
650 _aJONES LANG LASALLE
650 _aBRITISH LAND
650 _aARLINGTON
650 _aINFORMATION CENTRES
650 _aINFORMATION MANAGEMENT SYSTEM
650 _aPORTALS
650 _aLANDLORD AND TENANT
_96252
690 _aINFORMATION TECHNOLOGY-INTERNET
942 _n0
999 _c68708
_d68708